| 000 | 00431nam a2200169Ia 4500 | ||
|---|---|---|---|
| 003 | STCL | ||
| 008 | 181203s9999 xx 000 0 und d | ||
| 020 | _a9788173195198 | ||
| 040 |
_aSTCL _bEN _cSTCL |
||
| 082 | _222 | ||
| 100 | _aAmaranath, T. | ||
| 245 | 3 | _aAn Elementary Course in Partial Differential Equations | |
| 260 |
_bNarosa Publishing House _aNew Delhi _c2017 |
||
| 300 | _a152 | ||
| 546 | _aEnglish | ||
| 942 |
_2ddc _cBK |
||
| 999 |
_c86306 _d86306 |
||